Varfolomiju Sotaku - 70 vitajemo z žyttjevym juvilejem

Bibliographic Details
Main Author: Iľuk, Miroslav, 1942- (Author)
Format: Article
Language:Ukrainian
PhysicalDescription:Fotogr.
Subjects:

MARC

LEADER 00000nab a2200000 a 4500
001 vtls009960084
003 SK-MaSNL
005 20260318121929.0
008 091014c2009 xo wr p 000 c0ukr
015 |a SNBRB2009/10 
038 |a SVKPOCL 
040 |a SVKPOCL  |b slo  |c SVKPOCL  |e AACR2 
041 0 |a ukr 
044 |a xo  |c SK 
080 |a 37.011.3-051  |2 2001 
080 |a 398-051  |2 2001 
080 |a 929 Soták, Bartolomej  |2 2001 
100 1 |a Iľuk, Miroslav,  |d 1942-  |4 aut  |9 6395 
245 1 0 |a Varfolomiju Sotaku - 70  |b vitajemo z žyttjevym juvilejem  |c [avtor] -mi- 
300 |b Fotogr. 
600 1 7 |a Soták, Bartolomej,  |d 1939-  |x biografie  |2 svkpocl  |9 1588459 
650 0 7 |a pedagógovia  |2 svkpocl  |9 18561 
650 0 7 |a folkloristi  |2 svkpocl  |9 59714 
651 7 |a Zbudská Belá (Slovensko)  |2 svkpocl  |9 73604 
651 7 |a Medzilaborce (Slovensko : okres)  |2 svkpocl  |9 29394 
651 7 |a Humenné (Slovensko)  |2 svkpocl  |9 19199 
655 7 |a biografie  |2 svkpocl  |9 27965 
773 0 |t Nove žyttja  |g Roč. 59, č. 23-24 (2009), s. 3 
852 |a SVKPO  |b KIS3GCP 
958 |a UK 
958 |a SK 
958 |a RN 
958 |a BX 
999 |c 3255487  |d 3257417